2009 F1 Drivers - Statistics

General Stats
  • This quiz has been taken 188 times
  • The average score is 15 of 20
Answer Stats
Team Driver % Correct
McLaren Lewis Hamilton
98%
Renault Fernando Alonso
97%
Red Bull Sebastian Vettel
97%
Ferrari Felipe Massa
96%
Brawn GP Jenson Button
96%
Ferrari Kimi Raikkonen
95%
Red Bull Mark Webber
92%
Brawn GP Rubens Barrichello
87%
BMW Sauber Robert Kubica
78%
McLaren Heikki Kovalainen
77%
Williams Nico Rosberg
76%
Renault Nelson Piquet Jr
72%
BMW Sauber Nick Heidfeld
69%
Toyota Jarno Trulli
68%
Force India Giancarlo Fisichella
65%
Toyota Timo Glock
65%
Force India Adrian Sutil
61%
Toro Rosso Sebastien Buemi
56%
Toro Rosso Sebastien Bourdais
51%
Williams Kazuki Nakajima
46%
No matching quizzes found
Score Distribution
Percent of People with Each Score
Percentile by Number Answered
Your Score History
You have not taken this quiz